000 nam a22 a 4500
999 _c405067
_d405067
003 BLK
005 20211030112252.0
008 180409b bul|||||r ||||||| ||bul||
040 _aBLK
041 _aBUL
_cBUL
080 _aИкономически науки в цялост. Политическа икономия. Вж и 338 ; 65
_b330
_z330
139 _aСъществените начала на политическата икономия
245 1 0 _aСъществените начала на политическата икономия
_cсъстав. и прев. от фр. С. Дженгозов; състав. и прев. от фр. Ив. Статев
257 _aFRA
260 _bТ. Милков
_c1898
_9435237
_aПловдив
_fПловдив : Съгласие
300 _a60 с.
_c20 см
380 _a3
490 _9435080
_aКолекция Редки и ценни издания
650 0 _aПолитическа икономия - теория
_9320400
653 _aполитическа икономия
700 _aДженгозов, С.
_eсъстав. и прев. от фр.
_91521
700 _aСтатев, Иван
_eсъстав. и прев. от фр.
_9402081
852 _aРб 898
942 _cKNG
_n0
_s1
944 _aCR
_c2021-04-02
_l2021-04-02
_kСТ
999 _d405067